La Noche - Abraham Mateo - Estadísticas

Estadísticas generales
  • Esta prueba ha sido intentada 23 veces
  • La puntuación promedio es 311 de 450
Estadísticas de respuestas
Letra % Correcto
a
100%
Con
100%
con
100%
das
100%
de
100%
De
100%
deja
100%
digas
100%
doy
100%
en
100%
En
100%
entera
100%
es
100%
Es
100%
está
100%
(Esta
100%
estar
100%
hace
100%
la
100%
lo
100%
Lo
100%
me
100%
Me
100%
mi
100%
Mira
100%
no
100%
No
100%
noche
100%
noche)
100%
pa'
100%
pasar
100%
por
100%
Por
100%
Que
100%
que
100%
quiero
100%
Quiero
100%
(Quiero
100%
100%
Si
100%
Solo
100%
solo
100%
te
100%
Te
100%
ti
100%
100%
tu
100%
vas
100%
vida
100%
Y
100%
y
100%
ya
100%
yo
100%
Yo
100%
ahora
50%
all
50%
amor
50%
Aquella
50%
aquella
50%
aquí
50%
Bebé
50%
bebiéndote
50%
besándote
50%
Besándote
50%
Besos
50%
cabeza
50%
cielo
50%
como
50%
comparación
50%
Contigo
50%
corazón
50%
dabas
50%
del
50%
dentro
50%
dijiste
50%
el
50%
El
50%
ese
50%
falta
50%
hay
50%
las
50%
le
50%
Mientras
50%
mimándote
50%
miradas
50%
ni
50%
Niña
50%
otra
50%
otro
50%
para
50%
quedo
50%
quieran
50%
rozándote
50%
Rozándote
50%
siempre
50%
Siempre
50%
siento
50%
sintiéndote
50%
sobreviviré
50%
soy
50%
Tan
50%
tan
50%
tanta
50%
tiro
50%
tocándote
50%
todo
50%
vela
50%
vela)
50%
acero
0%
almohada
0%
apuesta
0%
aromática
0%
atento
0%
atrancaste
0%
bienvenida
0%
bloque
0%
buscando
0%
Cámbiate
0%
chica
0%
cierto
0%
club
0%
conmigo
0%
contesta
0%
cuerpito
0%
cuidarte
0%
dándome
0%
Dar
0%
dar
0%
day
0%
demostrarte
0%
descuidé
0%
detestan
0%
encuentro
0%
entiendo
0%
entrada
0%
envidiosas
0%
fábrica
0%
fiesta
0%
fuego
0%
gemelo
0%
guardarme
0%
guille
0%
hago
0%
hombre
0%
hubiera
0%
invade
0%
invitó
0%
loca
0%
manera
0%
modelo
0%
molesta
0%
nada
0%
navegar
0%
necesita
0%
nunca
0%
Nunca
0%
OK
0%
olorosa
0%
olviden
0%
olvido
0%
pero
0%
plan
0%
Preciosa
0%
presumida
0%
puedo
0%
puerta
0%
Rápida
0%
ready
0%
regalarte
0%
romántica
0%
salida
0%
salir
0%
seguir
0%
sensación
0%
simpática
0%
supe
0%
tanto
0%
todas
0%
un
0%
una
0%
universo
0%
vera
0%
Vine
0%
No se encontraron pruebas coincidentes
Distribución de puntuación
Porcentaje de gente con cada puntuación
Porcentaje por número respondido
Historial de tus puntuaciones
No has intentado esta prueba.